[Event "1st Marlboro Classic"]
[Site "Manila PHI"]
[Date "1973.10.25"]
[Round "7"]
[White "Ardiansyah, Haji"]
[Black "Ljubojevic, Ljubomir"]
[WhiteElo "2350"]
[BlackElo "2565"]
[Result "0-1"]
[EventDate "1973.10.16"]
[PlyCount "60"]

1.e4 c5 2.Nf3 d6 3.d4 Nf6 4.Nc3 cxd4 5.Nxd4 a6 6.Bc4 e6 7.Bb3 b5 8.O-O Be7
9.Re1 O-O 10.a3 Qc7 11.Qf3 Nbd7 12.Qg3 Ne5 13.f4 Nc4 14.Bxc4 Qxc4 15.Be3 
Bb7 16.Bf2 Rac8 17.Rad1 b4 18.axb4 Qxb4 19.Rd3 Rc4 20.Nd5 Bxd5 21.exd5 
Nxd5 22.b3 Rc3 23.Nf5 Bf6 24.Rxc3 Bxc3 25.Re5 Bxe5 26.Nh6+ Kh8 27.fxe5 
gxh6 28.c4 Rg8 29.Qh4 dxe5 30.Qxh6 Qxb3 0-1

[Event "1st Marlboro Classic"]
[Site "Manila PHI"]
[Date "1973.10.25"]
[Round "7"]
[White "Cardoso, Rodolfo Tan"]
[Black "Lombardy, William James"]
[WhiteElo "2375"]
[BlackElo "2520"]
[Result "1-0"]
[EventDate "1973.10.16"]
[PlyCount "81"]

1.e4 c5 2.Ne2 e6 3.d3 d5 4.Nd2 Nc6 5.g3 Nf6 6.Bg2 Be7 7.O-O O-O 8.Nf4 dxe4
9.Nxe4 Nxe4 10.Bxe4 Qc7 11.Re1 Bd7 12.c3 Bd6 13.Qh5 f5 14.Bg2 Rae8 15.Be3 
Ne5 16.d4 Ng4 17.dxc5 Bxf4 18.Bxf4 e5 19.Be3 Bc6 20.Bxc6 Qxc6 21.Rad1 Re6 
22.h3 Nf6 23.Qxf5 Ne4 24.Qg4 Ref6 25.Rf1 Rg6 26.Qh4 h6 27.Rd8 Rxd8 28.
Qxd8+ Kh7 29.Qd3 Kh8 30.Kh2 h5 31.b4 h4 32.Qd8+ Kh7 33.Qxh4+ Kg8 34.Qd8+ 
Kh7 35.Qd3 Nf6 36.f4 Ne4 37.b5 Nxc5 38.bxc6 Nxd3 39.cxb7 exf4 40.Rxf4 Nxf4
41.gxf4 1-0

[Event "1st Marlboro Classic"]
[Site "Manila PHI"]
[Date "1973.10.25"]
[Round "7"]
[White "Gligoric, Svetozar"]
[Black "Quinteros, Miguel Angel"]
[WhiteElo "2595"]
[BlackElo "2520"]
[Result "1-0"]
[EventDate "1973.10.16"]
[PlyCount "101"]

1.d4 Nf6 2.c4 c5 3.d5 g6 4.Nc3 Bg7 5.e4 d6 6.Nf3 O-O 7.Be2 e5 8.Bg5 h6 9.
Bh4 Qc7 10.Nd2 Nh7 11.Nb5 Qd7 12.f3 a6 13.Nc3 Qc7 14.Rb1 Nd7 15.a3 Ndf6 
16.b4 b6 17.Qb3 Bd7 18.bxc5 bxc5 19.Qb6 Rfc8 20.Qxc7 Rxc7 21.O-O Ne8 22.
Rb6 Bf6 23.Bxf6 Nhxf6 24.Rfb1 Bc8 25.Bd1 Raa7 26.Ba4 Rab7 27.Bc6 Rxb6 28.
Rxb6 Nd7 29.Rb1 Kf8 30.Na4 Ke7 31.Kf2 f5 32.Ke3 f4+ 33.Kf2 Nef6 34.Nb3 g5 
35.Na5 Kf7 36.Nb6 Nxb6 37.Rxb6 Ke7 38.Ba4 Nd7 39.Rb1 Kf6 40.g3 Ke7 41.h4 
fxg3+ 42.Kxg3 gxh4+ 43.Kxh4 Kf6 44.Kh5 Kf7 45.Bxd7 Rxd7 46.Nc6 Rc7 47.Kxh6
Bh3 48.Kg5 Bg2 49.Nd8+ Ke8 50.Rb8 Rg7+ 51.Kf6 1-0

[Event "1st Marlboro Classic"]
[Site "Manila PHI"]
[Date "1973.10.25"]
[Round "7"]
[White "Ivkov, Borislav"]
[Black "Kavalek, Lubomir"]
[WhiteElo "2520"]
[BlackElo "2565"]
[Result "1/2-1/2"]
[EventDate "1973.10.16"]
[PlyCount "27"]

1.d4 Nf6 2.c4 g6 3.Nc3 Bg7 4.e4 d6 5.Nf3 O-O 6.Be2 e5 7.Be3 Qe7 8.d5 Ng4 
9.Bg5 f6 10.Bh4 a5 11.Nd2 h5 12.a3 Bd7 13.b3 Na6 14.h3 1/2-1/2

[Event "1st Marlboro Classic"]
[Site "Manila PHI"]
[Date "1973.10.25"]
[Round "7"]
[White "Naranja, Renato"]
[Black "Wotulo, Max Arie"]
[WhiteElo "2420"]
[BlackElo "2330"]
[Result "1-0"]
[EventDate "1973.10.16"]
[PlyCount "85"]

1.c4 e5 2.Nc3 Nc6 3.g3 Nf6 4.Bg2 Bb4 5.Nd5 Bc5 6.d3 d6 7.Nf3 h6 8.O-O O-O 
9.a3 Nxd5 10.cxd5 Ne7 11.d4 exd4 12.Nxd4 Nf5 13.Nxf5 Bxf5 14.e4 Bd7 15.b4 
Bb6 16.a4 a5 17.b5 f5 18.exf5 Rxf5 19.Bb2 Qe7 20.Bd4 Rc8 21.Qd2 Bxd4 22.
Qxd4 Re5 23.Qc3 b6 24.Rfe1 Rxe1+ 25.Rxe1 Qf7 26.Re3 Bf5 27.f4 Qf6 28.Kf2 
Qxc3 29.Rxc3 Kf7 30.Bf3 Ke7 31.g4 Bh7 32.Be4 Bxe4 33.Re3 Rf8 34.Rxe4+ Kd7 
35.Kg3 h5 36.f5 hxg4 37.Kxg4 Rh8 38.h4 Rf8 39.Kg5 Rf7 40.h5 Kd8 41.Re6 Kd7
42.f6 gxf6+ 43.Kg6 1-0

[Event "1st Marlboro Classic"]
[Site "Manila PHI"]
[Date "1973.10.25"]
[Round "7"]
[White "Torre, Eugenio"]
[Black "Gheorghiu, Florin"]
[WhiteElo "2430"]
[BlackElo "2550"]
[Result "1/2-1/2"]
[EventDate "1973.10.16"]
[PlyCount "41"]

1.e4 c5 2.Nf3 e6 3.d3 Nc6 4.g3 g6 5.Bg2 Bg7 6.O-O Nge7 7.Re1 d6 8.c3 e5 9.
a3 O-O 10.Nbd2 h6 11.b4 a6 12.Bb2 Be6 13.Rb1 b5 14.Nb3 Qb6 15.Bc1 cxb4 16.
Be3 Qc7 17.cxb4 a5 18.Qd2 axb4 19.axb4 Ra3 20.Nc1 Kh7 21.Ne2 1/2-1/2

[Event "1st Marlboro Classic"]
[Site "Manila PHI"]
[Date "1973.10.26"]
[Round "8"]
[White "Larsen, Bent"]
[Black "Naranja, Renato"]
[WhiteElo "2620"]
[BlackElo "2420"]
[Result "1-0"]
[EventDate "1973.10.16"]
[PlyCount "35"]

1.Nf3 Nf6 2.c4 c5 3.g3 g6 4.Bg2 Bg7 5.Nc3 O-O 6.O-O Nc6 7.a3 d6 8.Rb1 a5 
9.d3 e5 10.Ne1 Be6 11.Bg5 h6 12.Bxf6 Bxf6 13.Nc2 Qd7 14.b4 axb4 15.axb4 
Kg7 16.bxc5 dxc5 17.Rb5 Ra5 18.Bxc6 1-0

[Event "1st Marlboro Classic"]
[Site "Manila PHI"]
[Date "1973.10.26"]
[Round "8"]
[White "Najdorf, Miguel"]
[Black "Cardoso, Rodolfo Tan"]
[WhiteElo "2525"]
[BlackElo "2375"]
[Result "1-0"]
[EventDate "1973.10.16"]
[PlyCount "83"]

1.d4 g6 2.c4 c6 3.Nc3 d5 4.cxd5 cxd5 5.Bf4 Bg7 6.e3 a6 7.Nf3 Nf6 8.h3 O-O 
9.Bd3 Nc6 10.O-O b5 11.Rc1 Na5 12.b3 Bb7 13.a4 b4 14.Na2 Nc6 15.Ne5 Nxe5 
16.Bxe5 a5 17.Qe2 Ne8 18.Bh2 Nd6 19.Rc5 f6 20.Qc2 e5 21.Nc1 Rf7 22.Ne2 e4 
23.Bb5 Nxb5 24.axb5 Bf8 25.Ra1 Qe8 26.b6 Bxc5 27.dxc5 Bc6 28.Nd4 a4 29.
bxa4 Rxa4 30.Rxa4 Bxa4 31.Qb2 Rb7 32.Qxb4 Bc6 33.Qa5 Kg7 34.Qa6 h5 35.Bd6 
Kh7 36.Nb3 Qd7 37.Na5 Qc8 38.Bc7 Qd7 39.Nxb7 Qc8 40.Qa1 Bxb7 41.Qxf6 Qh8 
42.c6 1-0

[Event "1st Marlboro Classic"]
[Site "Manila PHI"]
[Date "1973.10.29"]
[Round "9"]
[White "Ardiansyah, Haji"]
[Black "Gheorghiu, Florin"]
[WhiteElo "2350"]
[BlackElo "2550"]
[Result "0-1"]
[EventDate "1973.10.16"]
[PlyCount "54"]

1.d4 Nf6 2.c4 c5 3.d5 g6 4.Nc3 d6 5.e4 Bg7 6.f3 O-O 7.Be3 e6 8.dxe6 Bxe6 
9.Qd2 Nc6 10.O-O-O Qa5 11.Kb1 Ne5 12.Nd5 Qxd2 13.Rxd2 Nxd5 14.cxd5 Bd7 15.
h3 f5 16.Be2 b5 17.Rc2 Rae8 18.f4 Nc4 19.Bxc4 Rxe4 20.Bd2 bxc4 21.Nf3 Ba4 
22.Rc3 Bxc3 23.Bxc3 Rxf4 24.h4 Rg4 25.h5 g5 26.Rg1 h6 27.Nd2 Re8 0-1

[Event "1st Marlboro Classic"]
[Site "Manila PHI"]
[Date "1973.10.29"]
[Round "9"]
[White "Cardoso, Rodolfo Tan"]
[Black "Wotulo, Max Arie"]
[WhiteElo "2375"]
[BlackElo "2330"]
[Result "1-0"]
[EventDate "1973.10.16"]
[PlyCount "85"]

1.c4 e5 2.g3 Nf6 3.Bg2 Nc6 4.Nc3 Bb4 5.e3 O-O 6.Nge2 d6 7.O-O Re8 8.a3 
Bxc3 9.Nxc3 Be6 10.Nd5 e4 11.Nxf6+ Qxf6 12.Bxe4 Bxc4 13.Bxh7+ Kxh7 14.Qc2+
Kg8 15.Qxc4 Ne5 16.Qe2 Nf3+ 17.Kg2 Ng5 18.f4 Ne6 19.Rb1 Qf5 20.d3 d5 21.b4
Nf8 22.g4 Qf6 23.Bb2 Qh4 24.Bc3 Re6 25.Kh1 Rae8 26.Rf3 Ra6 27.Rg1 Ne6 28.
Qb2 Qh7 29.Rd1 c5 30.b5 Rb6 31.a4 a6 32.Qg2 f5 33.gxf5 Qxf5 34.e4 dxe4 35.
dxe4 Qxe4 36.Re1 Qh7 37.f5 Nc7 38.Rxe8+ Nxe8 39.f6 Nd6 40.fxg7 Nf7 41.Qe2 
Qb1+ 42.Rf1 Re6 43.Rxb1 1-0

[Event "1st Marlboro Classic"]
[Site "Manila PHI"]
[Date "1973.10.29"]
[Round "9"]
[White "De Castro, Edgar"]
[Black "Quinteros, Miguel Angel"]
[WhiteElo "2285"]
[BlackElo "2520"]
[Result "0-1"]
[EventDate "1973.10.16"]
[PlyCount "81"]

1.e4 c5 2.Nf3 d6 3.Bb5+ Nc6 4.O-O Bd7 5.Re1 a6 6.Bxc6 Bxc6 7.d4 cxd4 8.
Nxd4 Rc8 9.c4 Nf6 10.Nc3 Bd7 11.Qd3 Qc7 12.b3 e6 13.a4 Be7 14.Ba3 Rd8 15.
Rad1 O-O 16.e5 Ne8 17.Nf5 Bg5 18.exd6 Qb8 19.Ne7+ Kh8 20.Ne4 Bh6 21.Bb2 b6
22.a5 f5 23.Qh3 fxe4 24.Qxh6 Nf6 25.Qh4 Be8 26.Qg3 bxa5 27.c5 Qb5 28.Qc3 
Bc6 29.Qc4 Qb7 30.Bxf6 Rxf6 31.Nxc6 Qxc6 32.Rxe4 h6 33.Re5 Rdf8 34.Qa4 Qb7
35.f3 Rxf3 36.Qe4 Qxb3 37.gxf3 Qxd1+ 38.Kf2 Qh1 39.c6 Qxh2+ 40.Ke3 Rb8 41.
d7 0-1

[Event "1st Marlboro Classic"]
[Site "Manila PHI"]
[Date "1973.10.29"]
[Round "9"]
[White "Gligoric, Svetozar"]
[Black "Kavalek, Lubomir"]
[WhiteElo "2595"]
[BlackElo "2565"]
[Result "1/2-1/2"]
[EventDate "1973.10.16"]
[PlyCount "24"]

1.d4 Nf6 2.c4 c5 3.d5 d6 4.Nc3 g6 5.e4 Bg7 6.Nf3 O-O 7.Be2 e6 8.O-O Re8 9.
Nd2 Na6 10.Kh1 Nc7 11.a4 b6 12.f3 Ba6 1/2-1/2

[Event "1st Marlboro Classic"]
[Site "Manila PHI"]
[Date "1973.10.29"]
[Round "9"]
[White "Ivkov, Borislav"]
[Black "Torre, Eugenio"]
[WhiteElo "2520"]
[BlackElo "2430"]
[Result "1/2-1/2"]
[EventDate "1973.10.16"]
[PlyCount "36"]

1.Nf3 Nf6 2.d4 g6 3.c4 Bg7 4.Nc3 O-O 5.e4 d6 6.Be2 e5 7.Be3 Qe7 8.d5 Ng4 
9.Bg5 f6 10.Bh4 h5 11.Nd2 a5 12.a3 Bd7 13.b3 Na6 14.h3 Nh6 15.f3 Nf7 16.
Qb1 Bh6 17.Bf2 f5 18.Ra2 Nc5 1/2-1/2

[Event "1st Marlboro Classic"]
[Site "Manila PHI"]
[Date "1973.10.29"]
[Round "9"]
[White "Lombardy, William James"]
[Black "Najdorf, Miguel"]
[WhiteElo "2520"]
[BlackElo "2525"]
[Result "1/2-1/2"]
[EventDate "1973.10.16"]
[PlyCount "80"]

1.c4 Nf6 2.Nf3 e6 3.g3 d5 4.Bg2 dxc4 5.Qa4+ Nbd7 6.Qxc4 a6 7.Qc2 Rb8 8.O-O
Be7 9.Nc3 O-O 10.Rd1 b5 11.Nd4 Bb7 12.Nc6 Bxc6 13.Bxc6 Ne5 14.Bg2 c5 15.f4
Ned7 16.d3 Qb6 17.Bf3 c4+ 18.Kg2 cxd3 19.Rxd3 Qc7 20.Qd1 Rfd8 21.Be3 Bc5 
22.Bd2 Nb6 23.b3 Rxd3 24.exd3 Rd8 25.Qe2 Qd6 26.Ne4 Nxe4 27.Qxe4 Nd5 28.
Rc1 Bb4 29.Rc2 Bxd2 30.Rxd2 Qc5 31.d4 Qc1 32.Qe2 g6 33.Bxd5 Rxd5 34.Rd1 
Qc6 35.Kf2 Kg7 36.Qd2 Rh5 37.Ke3 g5 38.fxg5 Rxg5 39.Rf1 Rd5 40.Rf4 Rg5 
1/2-1/2

[Event "1st Marlboro Classic"]
[Site "Manila PHI"]
[Date "1973.10.29"]
[Round "9"]
[White "Naranja, Renato"]
[Black "Ljubojevic, Ljubomir"]
[WhiteElo "2420"]
[BlackElo "2565"]
[Result "0-1"]
[EventDate "1973.10.16"]
[PlyCount "68"]

1.c4 c5 2.Nf3 Nf6 3.g3 b6 4.Bg2 Bb7 5.O-O e6 6.Nc3 Be7 7.d4 O-O 8.d5 exd5 
9.Nh4 g6 10.cxd5 d6 11.f4 Nbd7 12.e4 Ne8 13.Nf3 a6 14.a4 b5 15.axb5 axb5 
16.Rxa8 Qxa8 17.Nxb5 Ba6 18.Nc3 Bxf1 19.Qxf1 Nc7 20.e5 Nb6 21.f5 Ncxd5 22.
f6 Bd8 23.Ng5 dxe5 24.Nxd5 Nxd5 25.Qc4 e4 26.Nxe4 Qa1 27.Bf1 Nxf6 28.Nxc5 
Bb6 29.b4 Re8 30.Bd2 Ne4 31.Qb5 Qd4+ 32.Kh1 Re6 33.Bh6 g5 34.Bc4 Qd1+ 0-1

[Event "1st Marlboro Classic"]
[Site "Manila PHI"]
[Date "1973.10.30"]
[Round "10"]
[White "Gheorghiu, Florin"]
[Black "De Castro, Edgar"]
[WhiteElo "2550"]
[BlackElo "2285"]
[Result "1-0"]
[EventDate "1973.10.16"]
[PlyCount "81"]

1.e4 c5 2.Nf3 e6 3.d4 cxd4 4.Nxd4 Nc6 5.Nc3 a6 6.f4 Nge7 7.Nb3 Ng6 8.Be3 
d6 9.Bd3 Be7 10.O-O Bf6 11.a4 O-O 12.a5 Re8 13.Bb6 Qe7 14.Qd2 Qf8 15.Rad1 
Bd8 16.Na4 Bd7 17.Bxd8 Raxd8 18.Nb6 Bc8 19.Be2 Nge7 20.c4 g6 21.Rf3 Qg7 
22.Rd3 f5 23.Bf3 fxe4 24.Bxe4 e5 25.Nxc8 Nxc8 26.f5 N8e7 27.fxg6 Nxg6 28.
Qg5 Nf4 29.Qxg7+ Kxg7 30.Rxd6 Ne2+ 31.Kf2 Ned4 32.Rxd8 Rxd8 33.Nxd4 exd4 
34.b4 Rd7 35.Bxc6 bxc6 36.Ke2 Re7+ 37.Kd3 Rb7 38.Rb1 c5 39.b5 Ra7 40.b6 
Rb7 41.Ke4 1-0

[Event "1st Marlboro Classic"]
[Site "Manila PHI"]
[Date "1973.10.30"]
[Round "10"]
[White "Kavalek, Lubomir"]
[Black "Ardiansyah, Haji"]
[WhiteElo "2565"]
[BlackElo "2350"]
[Result "1-0"]
[EventDate "1973.10.16"]
[PlyCount "71"]

1.c4 Nf6 2.Nf3 g6 3.g3 Bg7 4.Bg2 O-O 5.O-O d6 6.d4 c6 7.Nc3 Qc7 8.h3 e5 9.
e4 Rd8 10.Be3 Nbd7 11.Rc1 Nf8 12.Qc2 b6 13.Rfd1 Bb7 14.b4 Qe7 15.d5 cxd5 
16.cxd5 Rdc8 17.Qb1 Ne8 18.a4 Nd7 19.Nb5 Rxc1 20.Rxc1 a6 21.Nc7 Rc8 22.
Nxe8 Qxe8 23.Nd2 Bf8 24.Nc4 Qd8 25.h4 b5 26.Na5 Ba8 27.axb5 axb5 28.Rxc8 
Qxc8 29.Qd3 Nf6 30.Qxb5 Qc3 31.Bf3 Qe1+ 32.Kg2 h5 33.Nc6 Ng4 34.Bxg4 hxg4 
35.Qb8 Qd1 36.Ne7+ 1-0

[Event "1st Marlboro Classic"]
[Site "Manila PHI"]
[Date "1973.10.30"]
[Round "10"]
[White "Quinteros, Miguel Angel"]
[Black "Naranja, Renato"]
[WhiteElo "2520"]
[BlackElo "2420"]
[Result "1-0"]
[EventDate "1973.10.16"]
[PlyCount "81"]

1.e4 g6 2.d4 Bg7 3.c4 c5 4.d5 d6 5.Nc3 Na6 6.Nf3 Nh6 7.Bf4 f6 8.Be2 Nf7 9.
Qd2 Qa5 10.O-O O-O 11.Be3 Bd7 12.Ne1 Nc7 13.a4 Rfe8 14.Qd1 Na6 15.Bd2 Qd8 
16.f4 e6 17.dxe6 Bxe6 18.f5 Bd7 19.Nd3 g5 20.Bh5 Bc6 21.Bxf7+ Kxf7 22.Nf2 
Kg8 23.Re1 Nb4 24.Be3 Qe7 25.Re2 Rad8 26.Rd2 Qf7 27.b3 b6 28.Rxd6 Rxd6 29.
Qxd6 Bf8 30.Qd2 Qd7 31.Re1 h5 32.Qd1 Qf7 33.Bd2 Bd6 34.Nd5 Nxd5 35.cxd5 
Bd7 36.Bc3 g4 37.Qa1 Kg7 38.Nd3 h4 39.Qd1 g3 40.Qg4+ Kf8 41.Qxh4 1-0

[Event "1st Marlboro Classic"]
[Site "Manila PHI"]
[Date "1973.10.30"]
[Round "10"]
[White "Torre, Eugenio"]
[Black "Gligoric, Svetozar"]
[WhiteElo "2430"]
[BlackElo "2595"]
[Result "0-1"]
[EventDate "1973.10.16"]
[PlyCount "91"]

1.e4 e5 2.Nf3 Nc6 3.Nc3 Nf6 4.Bb5 Bb4 5.O-O O-O 6.Nd5 Nxd5 7.exd5 Nd4 8.
Nxd4 exd4 9.Be2 Re8 10.a3 Bd6 11.d3 b6 12.Bf3 Bb7 13.Be4 c6 14.dxc6 Bxc6 
15.Bxc6 dxc6 16.Qf3 Qe7 17.Bd2 Qe2 18.Qxe2 Rxe2 19.Rad1 a5 20.Rfe1 Rxe1+ 
21.Rxe1 a4 22.Re4 c5 23.Kf1 b5 24.h3 f5 25.Re6 Rd8 26.Ba5 Kf7 27.Bxd8 Kxe6
28.Ke2 b4 29.Bg5 f4 30.axb4 cxb4 31.Kd1 h6 32.Bd8 f3 33.gxf3 Bf4 34.Bb6 
Kd5 35.c4+ dxc3 36.bxc3 bxc3 37.Kc2 Be5 38.Be3 Bd4 39.Bc1 h5 40.Ba3 Bxf2 
41.Kxc3 Bc5 42.Bc1 a3 43.Bd2 g6 44.Bg5 a2 45.Kb2 Kd4 46.Kxa2 0-1

[Event "1st Marlboro Classic"]
[Site "Manila PHI"]
[Date "1973.10.30"]
[Round "10"]
[White "Wotulo, Max Arie"]
[Black "Lombardy, William James"]
[WhiteElo "2330"]
[BlackElo "2520"]
[Result "0-1"]
[EventDate "1973.10.16"]
[PlyCount "80"]

1.e4 e5 2.Nf3 d6 3.Bc4 Qf6 4.d3 h6 5.c3 Ne7 6.Be3 Ng6 7.Nbd2 Be7 8.Qc2 Nf4
9.Bxf4 Qxf4 10.O-O-O c6 11.d4 Nd7 12.Kb1 Nb6 13.Bd3 Qf6 14.h3 Be6 15.Nf1 
O-O-O 16.Ne3 h5 17.Be2 g6 18.a4 Na8 19.Bc4 Bd7 20.b4 Nc7 21.Qb3 exd4 22.
cxd4 d5 23.exd5 cxd5 24.Bxd5 Nxd5 25.Nxd5 Qf5+ 26.Ka1 Bd6 27.Ne3 Qf6 28.
Rd2 Kb8 29.Rc1 Bxh3 30.Ne1 Be6 31.Qb2 Bf4 32.g3 Bh6 33.d5 Qxb2+ 34.Kxb2 
Bxe3 35.fxe3 Rxd5 36.Rxd5 Bxd5 37.Nd3 g5 38.Rc5 Rd8 39.Nf2 f6 40.e4 Be6 
0-1

[Event "1st Marlboro Classic"]
[Site "Manila PHI"]
[Date "1973.10.31"]
[Round "11"]
[White "Ardiansyah, Haji"]
[Black "Torre, Eugenio"]
[WhiteElo "2350"]
[BlackElo "2430"]
[Result "0-1"]
[EventDate "1973.10.16"]
[PlyCount "140"]

1.e4 Nf6 2.e5 Nd5 3.c4 Nb6 4.d4 d6 5.f4 Bf5 6.Nf3 e6 7.Be2 Be7 8.exd6 cxd6
9.O-O O-O 10.Nc3 d5 11.c5 N6d7 12.Be3 b6 13.Qb3 bxc5 14.Nxd5 Bd6 15.Nc3 
Nc6 16.dxc5 Bxc5 17.Bxc5 Nxc5 18.Qb5 Qb6 19.Kh1 Rfd8 20.Rad1 Ne4 21.Nxe4 
Bxe4 22.Ng5 Bd5 23.f5 Qxb5 24.Bxb5 Ne7 25.fxe6 f6 26.Nf3 Rab8 27.a4 Rd6 
28.Rd2 a6 29.Bd7 Rdb6 30.Rff2 g6 31.h3 Kg7 32.Nd4 f5 33.Kh2 h5 34.b3 Kf6 
35.a5 Rb4 36.Ne2 Rxb3 37.Nf4 Be4 38.h4 Ra3 39.Nh3 Rxa5 40.Ng5 Rb4 41.Rb2 
Rxb2 42.Rxb2 Ke5 43.Nf7+ Kf6 44.Nd6 Bd5 45.Re2 f4 46.Ne8+ Kf5 47.Nc7 Bc4 
48.Rc2 Bd3 49.Rb2 Rc5 50.Ne8 Ke5 51.Rd2 Rc3 52.Rd1 Bc4 53.Nd6 Bxe6 54.Bxe6
Kxe6 55.Ne4 Ra3 56.Ng5+ Ke5 57.Nf3+ Kf6 58.Rd6+ Kf7 59.Ne5+ Kg7 60.Re6 Re3
61.Kg1 Nf5 62.Rxg6+ Kh7 63.Re6 Nxh4 64.Kf2 a5 65.g3 Rxg3 66.Ra6 Ra3 67.Rf6
Ra2+ 68.Kf1 Ng2 69.Nd3 Kg7 70.Rf5 Ne3+ 0-1

[Event "1st Marlboro Classic"]
[Site "Manila PHI"]
[Date "1973.10.31"]
[Round "11"]
[White "Cardoso, Rodolfo Tan"]
[Black "Ljubojevic, Ljubomir"]
[WhiteElo "2375"]
[BlackElo "2565"]
[Result "0-1"]
[EventDate "1973.10.16"]
[PlyCount "90"]

1.e4 c5 2.Ne2 Nf6 3.d3 Nc6 4.Nd2 d5 5.g3 h5 6.h4 e5 7.Bg2 Be6 8.Nc3 d4 9.
Ne2 Ng4 10.Nf3 f6 11.b3 b5 12.O-O a6 13.a4 g6 14.axb5 axb5 15.Bd2 Rh7 16.
Qc1 Rxa1 17.Qxa1 Ra7 18.Qc1 Qa8 19.Nh2 c4 20.bxc4 bxc4 21.Nxg4 hxg4 22.Bh6
Ba3 23.Qd1 c3 24.f4 gxf3 25.Bxf3 Bb2 26.Nc1 Rh7 27.Bg4 Bf7 28.Rxf6 Rxh6 
29.Qf1 Nd8 30.Nb3 Ba3 31.Rb6 Be7 32.Rb5 Qc6 33.Rb8 Be6 34.Qc1 Rh7 35.Be2 
Bd6 36.Na5 Qa6 37.Rxd8+ Kxd8 38.Qg5+ Re7 39.Nc4 Qa1+ 40.Kf2 Bxc4 41.dxc4 
d3 42.Bxd3 Qh1 43.Ke2 Bc5 44.Qf6 Qg2+ 45.Ke1 Qxg3+ 0-1

[Event "1st Marlboro Classic"]
[Site "Manila PHI"]
[Date "1973.10.31"]
[Round "11"]
[White "De Castro, Edgar"]
[Black "Kavalek, Lubomir"]
[WhiteElo "2285"]
[BlackElo "2565"]
[Result "0-1"]
[EventDate "1973.10.16"]
[PlyCount "74"]

1.Nf3 Nf6 2.c4 g6 3.Nc3 Bg7 4.e4 d6 5.d4 O-O 6.Be2 e5 7.dxe5 dxe5 8.Qxd8 
Rxd8 9.Bg5 Re8 10.O-O-O h6 11.Bh4 Na6 12.Ne1 c6 13.Nc2 Nc5 14.f3 a5 15.b3 
Be6 16.Kb2 Nfd7 17.Nd5 Na6 18.Bf2 Bf8 19.a3 f5 20.Nc3 Nf6 21.Bg3 Bf7 22.
exf5 gxf5 23.Bh4 Nh5 24.Bd3 Ng7 25.Ne3 Bg6 26.Bc2 e4 27.fxe4 fxe4 28.Ng4 
Nh5 29.Rhe1 Nc5 30.Nf6+ Nxf6 31.Bxf6 Nd3+ 32.Bxd3 exd3 33.Na4 Bd6 34.Nb6 
Re2+ 35.Rxe2 dxe2 36.Re1 Re8 37.g3 Bc5 0-1

[Event "1st Marlboro Classic"]
[Site "Manila PHI"]
[Date "1973.10.31"]
[Round "11"]
[White "Lombardy, William James"]
[Black "Larsen, Bent"]
[WhiteElo "2520"]
[BlackElo "2620"]
[Result "0-1"]
[EventDate "1973.10.16"]
[PlyCount "59"]

1.e4 c5 2.Nf3 e6 3.d4 cxd4 4.Nxd4 Nf6 5.Nc3 d6 6.g4 h6 7.h3 Nc6 8.Be3 Bd7 
9.Bg2 a6 10.Qe2 Be7 11.f4 Qc7 12.Qf2 Nxd4 13.Bxd4 e5 14.Bb6 Qc4 15.O-O-O 
exf4 16.Rhe1 O-O 17.e5 dxe5 18.Rxe5 Rfe8 19.Rd4 Qc8 20.g5 hxg5 21.Rxg5 Nh7
22.Rh5 Bc6 23.Be4 Bxe4 24.Nxe4 Qe6 25.Bc5 Bxc5 26.Nxc5 Qg6 27.Rh4 f3 28.
Rdg4 Ng5 29.Nd3 Rac8 30.Qd2 0-1

[Event "1st Marlboro Classic"]
[Site "Manila PHI"]
[Date "1973.10.31"]
[Round "11"]
[White "Najdorf, Miguel"]
[Black "Wotulo, Max Arie"]
[WhiteElo "2525"]
[BlackElo "2330"]
[Result "1-0"]
[EventDate "1973.10.16"]
[PlyCount "57"]

1.d4 Nf6 2.c4 e6 3.Nf3 b6 4.e3 Bb7 5.Bd3 Ne4 6.O-O Be7 7.Nbd2 Nxd2 8.Bxd2 
c5 9.Bc3 Bf6 10.e4 Na6 11.e5 cxd4 12.Bxd4 Be7 13.a3 O-O 14.b4 d6 15.Qe2 
dxe5 16.Bxe5 Bf6 17.Rad1 Qc8 18.Bxf6 gxf6 19.Nh4 f5 20.Qh5 f6 21.Nxf5 Qc7 
22.Nd6 f5 23.c5 Bd5 24.Bxa6 bxc5 25.Rxd5 exd5 26.Nxf5 cxb4 27.Re1 Qf4 28.
Bd3 Rac8 29.Ne7+ 1-0

[Event "1st Marlboro Classic"]
[Site "Manila PHI"]
[Date "1973.10.31"]
[Round "11"]
[White "Naranja, Renato"]
[Black "Gheorghiu, Florin"]
[WhiteElo "2420"]
[BlackElo "2550"]
[Result "0-1"]
[EventDate "1973.10.16"]
[PlyCount "72"]

1.c4 g6 2.d4 Bg7 3.Nc3 c5 4.Nf3 cxd4 5.Nxd4 Nc6 6.e3 Nf6 7.Be2 O-O 8.O-O 
d6 9.Qb3 a6 10.Rd1 Qc7 11.Bd2 Na5 12.Qb4 e5 13.Nb3 Nc6 14.Qa3 Be6 15.Be1 
Rfd8 16.Nd5 Bxd5 17.cxd5 Ne7 18.Rac1 Qb8 19.Na5 Rd7 20.Qb3 Ne4 21.Qa4 Nf6 
22.e4 Bh6 23.Bd2 Bxd2 24.Rxd2 Qd8 25.Rdc2 Nxe4 26.Nxb7 Rxb7 27.Qxe4 Qa5 
28.Bc4 Rc8 29.b3 Nf5 30.f4 Nd4 31.Rc3 Qb6 32.Kh1 Re7 33.fxe5 Rxe5 34.Qg4 
Rce8 35.Bf1 Re1 36.Qg3 Ne2 0-1

[Event "1st Marlboro Classic"]
[Site "Manila PHI"]
[Date "1973.11.02"]
[Round "12"]
[White "Gligoric, Svetozar"]
[Black "Ardiansyah, Haji"]
[WhiteElo "2595"]
[BlackElo "2350"]
[Result "1-0"]
[EventDate "1973.10.16"]
[PlyCount "66"]

1.d4 Nf6 2.c4 e6 3.Nc3 d5 4.Nf3 Be7 5.Bg5 O-O 6.e3 a6 7.cxd5 Nxd5 8.Bxe7 
Qxe7 9.Rc1 Rd8 10.Bd3 c6 11.O-O Nd7 12.Bb1 Nf8 13.a3 Bd7 14.Na4 Be8 15.Qb3
f6 16.e4 Nf4 17.Qe3 g5 18.g3 Nh3+ 19.Kg2 g4 20.Ng1 Qd6 21.Rfd1 e5 22.Ba2+ 
Kg7 23.dxe5 Qxe5 24.Rxd8 Rxd8 25.Nxh3 gxh3+ 26.Kxh3 Qh5+ 27.Kg2 Bd7 28.h4 
Ng6 29.Nc5 Qg4 30.Rh1 Ne5 31.f3 Qh5 32.Be6 Be8 33.g4 Nxg4 1-0

[Event "1st Marlboro Classic"]
[Site "Manila PHI"]
[Date "1973.11.02"]
[Round "12"]
[White "Kavalek, Lubomir"]
[Black "Naranja, Renato"]
[WhiteElo "2565"]
[BlackElo "2420"]
[Result "1-0"]
[EventDate "1973.10.16"]
[PlyCount "141"]

1.e4 g6 2.d4 Bg7 3.c3 b6 4.Nf3 Bb7 5.Bd3 d6 6.O-O Nd7 7.a4 e6 8.a5 Ne7 9.
b4 Rb8 10.Re1 O-O 11.Nbd2 bxa5 12.b5 Nc8 13.Nb3 c6 14.bxc6 Bxc6 15.Nxa5 
Ba8 16.Qa4 Ndb6 17.Qa3 Qc7 18.c4 Nd7 19.Be3 Nf6 20.Bd2 Rd8 21.Nb3 Rd7 22.
Ba5 Nb6 23.c5 dxc5 24.Nxc5 Bf8 25.Bb4 Bxc5 26.Bxc5 Qf4 27.Ne5 Ng4 28.Nxg4 
Qxg4 29.Bb5 Rdd8 30.f3 Qf4 31.Qxa7 Nc8 32.Qa5 Nd6 33.Bb6 Rdc8 34.Bd3 Nc4 
35.Bxc4 Rxc4 36.Qa2 Rb4 37.Ba7 Rc8 38.Bc5 Rbb8 39.Qe2 Rb3 40.Qb2 Rbb8 41.
Ra7 Bc6 42.Qc1 Qxc1 43.Rxc1 Rb7 44.Raa1 Bd7 45.Kf2 f6 46.g4 Kf7 47.h4 h5 
48.g5 fxg5 49.hxg5 h4 50.Bd6 Rxc1 51.Rxc1 Rb2+ 52.Ke3 Rg2 53.Rh1 Rxg5 54.
Rxh4 Rh5 55.Rf4+ Kg8 56.Rf6 Rg5 57.Kf2 Kg7 58.Be5 Kg8 59.Bf4 Rh5 60.Rxg6+ 
Kf7 61.Rg1 Rh4 62.Be5 Rh7 63.Ke3 Ke7 64.Rd1 Rh3 65.Bf4 Be8 66.Rg1 Bh5 67.
Bg3 Kd7 68.Kf2 Be8 69.Ra1 Ke7 70.Ra5 Rh5 71.Be5 1-0

[Event "1st Marlboro Classic"]
[Site "Manila PHI"]
[Date "1973.11.02"]
[Round "12"]
[White "Quinteros, Miguel Angel"]
[Black "Cardoso, Rodolfo Tan"]
[WhiteElo "2520"]
[BlackElo "2375"]
[Result "0-1"]
[EventDate "1973.10.16"]
[PlyCount "87"]

1.e4 g6 2.d4 c6 3.c4 d5 4.cxd5 cxd5 5.exd5 Nf6 6.Nc3 Bg7 7.Bb5+ Bd7 8.Bc4 
O-O 9.Nge2 b5 10.Bd3 b4 11.Ne4 Nxd5 12.Bg5 Nc6 13.Rc1 Rc8 14.O-O h6 15.Bh4
Bg4 16.f3 Ne3 17.Qa4 Bd7 18.Rfe1 Nd5 19.Nd6 Nxd4 20.Rxc8 Nxe2+ 21.Bxe2 
Bd4+ 22.Kh1 Bxa4 23.Rxd8 Rxd8 24.Nc4 Bb5 25.Na5 Bxe2 26.Nc6 Rd7 27.Nxd4 
Bc4 28.Nc6 f6 29.Bf2 Bxa2 30.Nxa7 Nf4 31.Kg1 Rd2 32.Be3 Rxg2+ 33.Kh1 Bd5 
34.Rf1 Bc4 35.Rg1 Rxg1+ 36.Kxg1 Nd3 37.Nc6 Kf7 38.Bd2 b3 39.Bc3 Bd5 40.Na5
e5 41.Kf1 Ke6 42.Ke2 Nf4+ 43.Ke3 Kd7 44.Bb4 0-1

[Event "1st Marlboro Classic"]
[Site "Manila PHI"]
[Date "1973.11.02"]
[Round "12"]
[White "Torre, Eugenio"]
[Black "De Castro, Edgar"]
[WhiteElo "2430"]
[BlackElo "2285"]
[Result "1/2-1/2"]
[EventDate "1973.10.16"]
[PlyCount "34"]

1.e4 c5 2.Nf3 d6 3.Bb5+ Bd7 4.Bxd7+ Qxd7 5.c4 e5 6.Nc3 Nc6 7.d3 Nge7 8.Nd5
Nxd5 9.cxd5 Nd4 10.Nxd4 cxd4 11.O-O Be7 12.Qb3 O-O 13.Bd2 Rac8 14.f4 f6 
15.Rf2 b6 16.h3 Rc7 17.Raf1 Rfc8 1/2-1/2